Mathematical methods in physics with cd (Record no. 10756)

MARC details
000 -LEADER
fixed length control field 00514 a2200181 4500
000 - LEADER
fixed length control field BKB
001 - CONTROL NUMBER
control field 137841
005 - DATE AND TIME OF LATEST TRANSACTION
control field 20200902153324.0
008 - FIXED-LENGTH DATA ELEMENTS--GENERAL INFORMATION
fixed length control field
082 ## - DEWEY DECIMAL CLASSIFICATION NUMBER
Classification number 530.15
Item number H39M
100 1# - MAIN ENTRY--PERSONAL NAME
Personal name Henner, Victor
245 1# - TITLE STATEMENT
Title Mathematical methods in physics with cd
Statement of responsibility, etc by Victor Henner...[et.al.]
260 ## - PUBLICATION, DISTRIBUTION, ETC. (IMPRINT)
Place of publication, distribution, etc Wellesley
Name of publisher, distributor, etc A.K. Peter
Date of publication, distribution, etc 2009
300 ## - PHYSICAL DESCRIPTION
Extent 841p.
630 ## - SUBJECT ADDED ENTRY--UNIFORM TITLE
Uniform title Physics
690 ## - LOCAL SUBJECT ADDED ENTRY--TOPICAL TERM (OCLC, RLIN)
Topical term or geographic name as entry element Mathematics; Mathematical physics
700 ## - ADDED ENTRY--PERSONAL NAME
Personal name Belozerova, Tatyana
Numeration
Titles and other words associated with a name
Holdings
Withdrawn status Lost status Damaged status Not for loan Home library Current library Date acquired Cost, normal purchase price Total Checkouts Full call number Barcode Date last seen Date checked out Price effective from Koha item type
        Central University Of Rajasthan Central University Of Rajasthan 12/03/2014 0.00 1 530.15 H39M 13084 19/02/2025 14/02/2025 02/09/2020 Books